| 000 -LEADER |
| fixed length control field |
02077cam a2200469 i 4500 |
| 001 - CONTROL NUMBER |
| control field |
19467051 |
| 003 - CONTROL NUMBER IDENTIFIER |
| control field |
Nust |
| 005 - DATE AND TIME OF LATEST TRANSACTION |
| control field |
20170406111627.0 |
| 008 - FIXED-LENGTH DATA ELEMENTS--GENERAL INFORMATION |
| fixed length control field |
170127t20091997nyu 000 1 eng d |
| 010 ## - LIBRARY OF CONGRESS CONTROL NUMBER |
| LC control number |
2016591752 |
| 020 ## - INTERNATIONAL STANDARD BOOK NUMBER |
| International Standard Book Number |
9780755333141 |
| 035 ## - SYSTEM CONTROL NUMBER |
| System control number |
(OCoLC)ocn320788631 |
| 040 ## - CATALOGING SOURCE |
| Original cataloging agency |
BTCTA |
| Language of cataloging |
eng |
| Description conventions |
rda |
| Transcribing agency |
BTCTA |
| Modifying agency |
B@L |
| -- |
GL5 |
| -- |
FTL |
| -- |
KL8 |
| -- |
CDX |
| -- |
BDX |
| -- |
OCLCF |
| -- |
OCLCO |
| -- |
OCLCQ |
| -- |
TDS |
| -- |
FEM |
| -- |
OCL |
| -- |
DLC |
| 042 ## - AUTHENTICATION CODE |
| Authentication code |
lccopycat |
| 050 00 - LIBRARY OF CONGRESS CALL NUMBER |
| Classification number |
PR6072.I525 |
| Item number |
W56 2009 |
| 082 04 - DEWEY DECIMAL CLASSIFICATION NUMBER |
| Classification number |
823.914 |
| Author Mark |
VIN |
| 100 1# - MAIN ENTRY--PERSONAL NAME |
| Personal name |
Vincenzi, Penny, |
| Relator term |
author. |
| 245 10 - TITLE STATEMENT |
| Title |
Windfall / |
| Statement of responsibility, etc. |
Penny Vincenzi. |
| 250 ## - EDITION STATEMENT |
| Edition statement |
1st U.S. ed. |
| 264 #1 - PRODUCTION, PUBLICATION, DISTRIBUTION, MANUFACTURE, AND COPYRIGHT NOTICE |
| Place of production, publication, distribution, manufacture |
New York : |
| Name of producer, publisher, distributor, manufacturer |
The Overlook Press, |
| Date of production, publication, distribution, manufacture, or copyright notice |
2009. |
| 264 #4 - PRODUCTION, PUBLICATION, DISTRIBUTION, MANUFACTURE, AND COPYRIGHT NOTICE |
| Date of production, publication, distribution, manufacture, or copyright notice |
©1997 |
| 300 ## - PHYSICAL DESCRIPTION |
| Extent |
626 pages ; |
| Dimensions |
24 cm |
| 336 ## - CONTENT TYPE |
| Content type term |
text |
| Content type code |
txt |
| Source |
rdacontent |
| 336 ## - CONTENT TYPE |
| Content type term |
text |
| Content type code |
txt |
| Source |
rdacontent |
| 337 ## - MEDIA TYPE |
| Media type term |
unmediated |
| Media type code |
n |
| Source |
rdamedia |
| 337 ## - MEDIA TYPE |
| Media type term |
unmediated |
| Media type code |
n |
| Source |
rdamedia |
| 338 ## - CARRIER TYPE |
| Carrier type term |
volume |
| Carrier type code |
nc |
| Source |
rdacarrier |
| 338 ## - CARRIER TYPE |
| Carrier type term |
volume |
| Carrier type code |
nc |
| Source |
rdacarrier |
| 500 ## - GENERAL NOTE |
| General note |
Originally published in the United Kingdom in 1997. |
| 520 ## - SUMMARY, ETC. |
| Summary, etc. |
Sensible Cassia Fallon has been married to her doctor husband for seven years when her godmother leaves her a huge fortune. For the first time in her life, she is able to do exactly as she likes, and she starts to question her marriage, her past, her present, and her future. But where did her inheritance really come from and why? Too soon the windfall has become a corrupting force, one that Cassia cannot resist. |
| 650 #0 - SUBJECT ADDED ENTRY--TOPICAL TERM |
| Topical term or geographic name entry element |
Wealth |
| Form subdivision |
Fiction. |
| 650 #0 - SUBJECT ADDED ENTRY--TOPICAL TERM |
| Topical term or geographic name entry element |
Inheritance and succession |
| Form subdivision |
Fiction. |
| 650 #0 - SUBJECT ADDED ENTRY--TOPICAL TERM |
| Topical term or geographic name entry element |
Man-woman relationships |
| Form subdivision |
Fiction. |
| 650 #7 - SUBJECT ADDED ENTRY--TOPICAL TERM |
| Topical term or geographic name entry element |
Inheritance and succession. |
| Source of heading or term |
fast |
| Authority record control number or standard number |
(OCoLC)fst00973371 |
| 650 #7 - SUBJECT ADDED ENTRY--TOPICAL TERM |
| Topical term or geographic name entry element |
Man-woman relationships. |
| Source of heading or term |
fast |
| Authority record control number or standard number |
(OCoLC)fst01007080 |
| 650 #7 - SUBJECT ADDED ENTRY--TOPICAL TERM |
| Topical term or geographic name entry element |
Wealth. |
| Source of heading or term |
fast |
| Authority record control number or standard number |
(OCoLC)fst01172973 |
| 655 #7 - INDEX TERM--GENRE/FORM |
| Genre/form data or focus term |
Domestic fiction. |
| Source of term |
fast |
| Authority record control number |
(OCoLC)fst01726589 |
| 655 #7 - INDEX TERM--GENRE/FORM |
| Genre/form data or focus term |
Fiction. |
| Source of term |
fast |
| Authority record control number |
(OCoLC)fst01423787 |
| 655 #0 - INDEX TERM--GENRE/FORM |
| Genre/form data or focus term |
Domestic fiction. |
| 906 ## - LOCAL DATA ELEMENT F, LDF (RLIN) |
| a |
7 |
| b |
cbc |
| c |
copycat |
| d |
2 |
| e |
ncip |
| f |
20 |
| g |
y-gencatlg |
| 942 ## - ADDED ENTRY ELEMENTS (KOHA) |
| Source of classification or shelving scheme |
|
| Koha item type |
Book |